العقيدة والاخلاق واثارهما فى حياة الفرد والمجتمع

Bibliographic Details
Main Author: بيصار, محمد عبد الرحمن (Author)
Format: Book
Published: BayrutbDar al-Kitab al-Lubnani , 1973
Subjects:

MARC

LEADER 00000cam a2200000 7i4500
001 0000005687
005 20050524093000.0
008 021119s1973
090 0 0 |a BL60   |b .B572 1973 
100 0 |a بيصار, محمد عبد الرحمن ,   |e author 
241 1 3 |a al-Aqidah wa-al-akhlaq wa-atharuhuma fi hayah al-fard wa-al-mujtama` 
245 1 2 |a العقيدة والاخلاق واثارهما فى حياة الفرد والمجتمع   |c محمد بيصار 
260 2 |a BayrutbDar al-Kitab al-Lubnani ,   |c 1973 
300 |a 317 p. ;   |c 24 cm. 
650 0 |a Ethics 
650 0 |a Religion and philosophy 
999 |a 1000013452   |b Book   |c OPEN SHELF (30 DAYS)   |e Gong Badak Campus 
999 |a 1000013453   |b Book   |c OPEN SHELF (30 DAYS)   |e Gong Badak Campus 
999 |a 1000013456   |b Book   |c OPEN SHELF (30 DAYS)   |e Gong Badak Campus 
999 |a 1000013457   |b Book   |c OPEN SHELF (30 DAYS)   |e Gong Badak Campus 
999 |a 1000061941   |b Book   |c OPEN SHELF (30 DAYS)   |e Gong Badak Campus